00486nam a22001457a 450000500170000000800410001704100080005808200130006610000230007924500820010226000570018430000290024136500240027050000460029420250203103557.0250203b |||||||| |||| 00| 0 eng d aeng a712bDEG aDegvekar Devashree aInterwoven waters: Integrated Landscape Strategies For Coimbatore Lake System aPunebBNCA M Arch Landscape Architecturec28/01/2025 a83PagesbPbc29.5 x 29.5 aINRb150.00cRupaye aBNCA M Arch Landscape Architecture Thesis